000 00457nam a2200169Ia 4500
005 20241025171910.0
008 240126s9999 xx 000 0 und d
020 _a9789332549425
082 _a511.3 KLI;1 R
100 _aKlir, George J. Yuan, Bo.
245 0 _aFuzzy sets and fuzzy logic : theory and applications
260 _bPearson
_aSouth Asia
_c2015
300 _axv, 574
440 _aNULL
650 _aFuzzy,sets,fuzzy,logic
942 _cPU
999 _c283658
_d283658